000 00789nam a2200193 4500
001 138499
003 ES-MaACL
005 20250902093017.0
007 t|
008 070214s1910 sp r ||||1| spa d
100 1 _aSan Martín y Falcón, José de.
_9102276
245 1 0 _aMoción presentada a la Real y Excma. Sociedad Económica Aragonesa de Amigos del País /
_cpor el socio corresponsal José de San-Martín y Falcón ; e Informe emitido por el socio residente Julián Alberto Cerezuela.
260 _aMadrid :
_b[s. n.],
_c1910 (
_fTip. Pontejos, 8)
300 _a16 h. ;
_c28 cm.
700 1 _aCerezuela, Julián Alberto.
_937514
710 2 _aReal Sociedad Económica Aragonesa de Amigos del País
_96382
852 _aES-MaACL
_jT-1260-F-3
999 _c138499
_d138499